000 00804nam a22002177a 4500
005 20251108172030.0
008 250721s1993 xx 000 0 ara d
082 1 4 _a343.409565/منذ
100 1 _aالفضل، منذر
245 1 0 _aشرح القانون المدني الأردني :
_bالعقود المسماة : البيع و الإيجار في ضوء الفقه الإسلامي و القوانين المدنية الوضعية و ... /
246 1 1 _aMominated contracts : Saleandern
264 1 _aعمان :
_bمكتبة دار الثقافه،
_c1993.
300 _a401ص
650 1 7 _aالقانون المدني
650 1 7 _aالعقود
650 1 7 _aالإيجار
650 1 7 _aالأردن
700 1 _aالفتلاوي، صاحب
942 _2ddc
_cBK
999 _c68737
_d68737